000 00467nam a2200181Ia 4500
008 131103s9999 xx 000 0 und d
040 _aLoreto College
041 _aEnglish
082 _aCHBK
_b#NAME?
100 _aBingley, David
245 _aFamous storybook heroes
_cDavid Bingley
260 _aLondon
_bOdhams Books
_c19064
300 _a60p.
_b ill.
_c 26cm.
440 _aStories about
650 _aCHBK - I
850 _aLCBED/CHBK - I/BIN
942 _cBK
999 _c31640
_d82119